[Event "LYM - Open Maîtres"]
[Site "Lausanne - Casino de Montbenon"]
[Date "2000.??.??"]
[Round "3"]
[White "Buckley, Simon"]
[Black "Sokolov, Andrei"]
[Result "0-1"]
[WhiteElo "2279"]
[BlackElo "2565"]
[PlyCount "94"]
[EventDate "2000.??.??"]

1. e4 c5 2. Nf3 e6 3. d4 cxd4 4. Nxd4 Nf6 5. Nc3 d6 6. Bc4 Be7 7. Bb3 Na6 8.
Ba4+ Bd7 9. Bxd7+ Qxd7 10. O-O Nc5 11. Qe2 O-O 12. f3 a6 13. Be3 Rac8 14. a4
Qc7 15. Bf2 Ncd7 16. Nb3 Ne5 17. a5 Nc4 18. Na4 d5 19. Bg3 Bd6 20. Bxd6 Qxd6
21. Nb6 Nxb6 22. e5 Qb4 23. exf6 Nd7 24. fxg7 Kxg7 25. Ra3 Qc4 26. Qxc4 Rxc4
27. c3 Ne5 28. Nd4 Rc7 29. Rc1 Kf6 30. Nc2 Nc4 31. Ra2 Rc5 32. Rca1 h5 33. Kf2
Rg8 34. g3 Rd8 35. f4 Rg8 36. Ne3 h4 37. Nxc4 dxc4 38. Rd1 hxg3+ 39. hxg3 Rh8
40. Kg2 Rch5 41. Rd4 Rh2+ 42. Kf3 Rg8 43. Rxc4 Rh3 44. Ke4 Rhxg3 45. Kd4 Rf3
46. Rc7 Rxf4+ 47. Kc5 Kg6 0-1

[Event "LYM - Open Maîtres"]
[Site "Lausanne - Casino de Montbenon"]
[Date "2000.??.??"]
[Round "3"]
[White "Hebden, Mark"
[Black "Moiseenko, Alexander"
[Result "1/2-1/2"]
[WhiteElo "2493"]
[BlackElo "2572"]
[PlyCount "46"]
[EventDate "2000.??.??"]

1. d4 e6 2. Nf3 f5 3. g3 Nf6 4. Bg2 d5 5. O-O Bd6 6. c4 c6 7. Bf4 Bxf4 8. gxf4
O-O 9. e3 Nbd7 10. Ne5 Qe7 11. Nd2 Nxe5 12. fxe5 Ne4 13. f4 b6 14. Rc1 Bb7 15.
Nxe4 dxe4 16. c5 b5 17. Qe1 h6 18. h4 Kf7 19. h5 Rg8 20. Kh2 g5 21. hxg6+ Rxg6
22. Rg1 Rag8 23. Qf2 b4 1/2-1/2

[Event "LYM - Open Maîtres"]
[Site "Lausanne - Casino de Montbenon"]
[Date "2000.??.??"]
[Round "3"]
[White "Prusikin, Mihailo"
[Black "Volzhin, Alexander"
[Result "1/2-1/2"]
[WhiteElo "2429"]
[BlackElo "2553"]
[PlyCount "44"]
[EventDate "2000.??.??"]

1. d4 Nf6 2. Nf3 e6 3. e3 b6 4. Bd3 Bb7 5. O-O Be7 6. b3 O-O 7. Bb2 c5 8. Nbd2
Nc6 9. a3 Rc8 10. Qe2 Re8 11. Rad1 cxd4 12. exd4 Bf8 13. Rfe1 g6 14. Ne4 Nxe4
15. Qxe4 Bg7 16. Qg4 Ne7 17. h4 Nf5 18. h5 Bxf3 19. Qxf3 Bxd4 20. Bxd4 Nxd4 21.
Qg4 Nf5 22. Bxf5 exf5 1/2-1/2

[Event "LYM - Open Maîtres"]
[Site "Lausanne - Casino de Montbenon"]
[Date "2000.??.??"]
[Round "3"]
[White "Yu, Mingyan"]
[Black "Bunzmann, Dimitri"
[Result "1/2-1/2"]
[WhiteElo "2419"]
[BlackElo "2502"]
[PlyCount "23"]
[EventDate "2000.??.??"]

1. d4 e6 2. c4 b6 3. Nc3 Bb7 4. Nf3 Bb4 5. Qc2 f5 6. a3 Bxc3+ 7. Qxc3 Nf6 8. g3
O-O 9. Bg2 Nc6 10. O-O Qe8 11. Rd1 Ne7 12. b3 1/2-1/2

[Event "LYM - Open Maîtres"]
[Site "Lausanne - Casino de Montbenon"]
[Date "2000.??.??"]
[Round "3"]
[White "Seret, Jean-Luc"
[Black "Tukmakov, Vladimir"
[Result "0-1"]
[WhiteElo "2363"]
[BlackElo "2574"]
[PlyCount "62"]
[EventDate "2000.??.??"]

1. e4 c5 2. Nf3 d6 3. c3 Nf6 4. g3 Nc6 5. d3 g6 6. Bg2 Bg7 7. O-O O-O 8. Re1 e5
9. Bg5 h6 10. Bxf6 Qxf6 11. a3 Be6 12. Nbd2 b5 13. a4 a6 14. Qe2 Qe7 15. axb5
axb5 16. Qf1 h5 17. Bh3 Bxh3 18. Qxh3 Bh6 19. Nf1 Ra7 20. Nh4 Kg7 21. Ng2 Rfa8
22. Rab1 Qe6 23. Qxe6 fxe6 24. Nfe3 Bxe3 25. Nxe3 g5 26. f3 Ra2 27. Rf1 Ne7 28.
Ng2 Ng6 29. Kf2 R8a3 30. Ke3 Rb3 31. Rf2 d5 0-1

[Event "LYM - Open Maîtres"]
[Site "Lausanne - Casino de Montbenon"]
[Date "2000.??.??"]
[Round "3"]
[White "Palac, Mladen"
[Black "Bucher, Denis"]
[Result "1-0"]
[WhiteElo "2571"]
[BlackElo "2336"]
[PlyCount "107"]
[EventDate "2000.??.??"]

1. e4 c5 2. Nf3 Nc6 3. d4 cxd4 4. Nxd4 Nf6 5. Nc3 e5 6. Ndb5 d6 7. Bg5 a6 8.
Na3 b5 9. Bxf6 gxf6 10. Nd5 Bg7 11. c3 f5 12. exf5 Bxf5 13. Nc2 Be6 14. g3 Ne7
15. Bg2 Nxd5 16. Bxd5 O-O 17. O-O Qb6 18. Bxa8 Rxa8 19. Ne3 Qc6 20. Qh5 Qe4 21.
Rfe1 d5 22. Ng2 Qf5 23. Qxf5 Bxf5 24. Rad1 d4 25. cxd4 exd4 26. Nf4 Rd8 27. h3
Bh6 28. Rd2 Bxf4 29. gxf4 Kg7 30. Kg2 Kf6 31. Rc1 Rd6 32. Rc5 d3 33. Re5 Rd8
34. Re3 Rc8 35. Re1 Rd8 36. Rc1 Rd6 37. f3 Re6 38. h4 Bg6 39. Kf2 h6 40. h5 Bf5
41. b3 Bh7 42. a4 Rd6 43. Rc5 bxa4 44. bxa4 Bf5 45. Ke3 Re6+ 46. Kd4 Rd6+ 47.
Kc3 Ke6 48. Rb2 Bh3 49. Kd2 Bf1 50. a5 Be2 51. Re5+ Kd7 52. Rb7+ Kc6 53. Rb6+
Kd7 54. Rf5 1-0

[Event "LYM - Open Maîtres"]
[Site "Lausanne - Casino de Montbenon"]
[Date "2000.??.??"]
[Round "3"]
[White "Hindermann, Felix"]
[Black "Hernando, Jose-Carlos"
[Result "0-1"]
[WhiteElo "2224"]
[BlackElo "2403"]
[PlyCount "66"]
[EventDate "2000.??.??"]

1. e4 g6 2. d4 c6 3. Nf3 d5 4. exd5 cxd5 5. c4 Bg7 6. Nc3 Nf6 7. cxd5 O-O 8.
Bc4 Nbd7 9. O-O Nb6 10. Bb3 Nbxd5 11. Bg5 b6 12. Re1 Bb7 13. Rc1 h6 14. Bd2 Rc8
15. Ne5 e6 16. Qf3 Ba8 17. Qh3 g5 18. Qd3 Re8 19. a3 Nxc3 20. Rxc3 Rxc3 21.
Bxc3 Nd5 22. Bd2 f6 23. Nf3 Qd7 24. Bc2 f5 25. Ne5 Bxe5 26. Rxe5 Nf6 27. f3 Bd5
28. h4 Qg7 29. hxg5 hxg5 30. Qb5 g4 31. Bxf5 gxf3 32. Bxe6+ Rxe6 33. Rg5 Re1+
0-1

[Event "LYM - Open Maîtres"]
[Site "Lausanne - Casino de Montbenon"]
[Date "2000.??.??"]
[Round "3"]
[White "Rainfray, Arnaud"
[Black "Preissmann, Emmanuel"
[Result "1/2-1/2"]
[WhiteElo "2400"]
[BlackElo "2368"]
[PlyCount "128"]
[EventDate "2000.??.??"]

1. e4 d5 2. exd5 Nf6 3. Nf3 Nxd5 4. d4 g6 5. Be2 Bg7 6. O-O O-O 7. c4 Nb6 8.
Nc3 Nc6 9. Be3 Bg4 10. d5 Bxf3 11. Bxf3 Ne5 12. c5 Nbc4 13. Bc1 c6 14. Be2 cxd5
15. Qxd5 Na5 16. Bg5 Qxd5 17. Nxd5 e6 18. Ne3 Nec6 19. Rab1 h6 20. Bf4 e5 21.
Bg3 f5 22. f4 g5 23. fxg5 f4 24. gxh6 Bh8 25. Nc2 fxg3 26. b4 gxh2+ 27. Kxh2
Rxf1 28. Bxf1 Rf8 29. bxa5 Nxa5 30. Bd3 Rf4 31. Rb5 e4 32. Bxe4 Rxe4 33. Rxa5
Re5 34. Kg3 a6 35. Kf4 Rh5 36. Ne3 Rxh6 37. Nf5 Rh2 38. g4 Rc2 39. c6 bxc6 40.
Rxa6 Bf6 41. Ra8+ Kf7 42. Nd6+ Ke6 43. Ne4 Be5+ 44. Kf3 c5 45. g5 c4 46. g6 Kf5
47. Ra5 Kxg6 48. Rxe5 Rxa2 49. Kf4 Ra1 50. Re6+ Kg7 51. Rc6 Ra5 52. Rxc4 Kf7
53. Rc6 Ke7 54. Nc5 Ra1 55. Ke5 Re1+ 56. Ne4 Kd7 57. Rh6 Kc7 58. Kd5 Rd1+ 59.
Kc4 Rc1+ 60. Nc3 Kd7 61. Kd4 Rc2 62. Ne4 Rc1 63. Rd6+ Kc7 64. Ra6 Rc6 1/2-1/2

[Event "LYM - Open Maîtres"]
[Site "Lausanne - Casino de Montbenon"]
[Date "2000.??.??"]
[Round "3"]
[White "Epishin, Vladimir"
[Black "Masserey, Yvan"
[Result "0-1"]
[WhiteElo "2667"]
[BlackElo "2303"]
[PlyCount "73"]
[EventDate "2000.??.??"]

1. d4 Nf6 2. c4 e6 3. Nf3 Bb4+ 4. Bd2 Qe7 5. g3 Nc6 6. Nc3 Bxc3 7. Bxc3 Ne4 8.
Rc1 O-O 9. Bg2 d6 10. d5 Nd8 11. Bb4 a5 12. Ba3 e5 13. Nd2 Nc5 14. Nb3 f6 15.
O-O Nf7 16. Qd2 a4 17. Nxc5 dxc5 18. Ra1 Ra6 19. b4 axb3 20. axb3 b6 21. b4
cxb4 22. Bxb4 Nd6 23. Qc3 Bb7 24. c5 bxc5 25. Qxc5 e4 26. Rac1 Rb6 27. Rfd1 e3
28. f4 Rc8 29. Bh3 f5 30. Bxf5 Nxf5 31. Qxb6 cxb6 32. Rxc8+ Bxc8 33. Bxe7 Nxe7
34. d6 Nc6 35. d7 Ba6 36. Rc1 Nd8 37. Rc8 0-1

[Event "LYM - Open Maîtres"]
[Site "Lausanne - Casino de Montbenon"]
[Date "2000.??.??"]
[Round "3"]
[White "Kohler, Gaël"]
[Black "Zwanzger, Johannes"]
[Result "1-0"]
[WhiteElo "2024"]
[BlackElo "2275"]
[PlyCount "60"]
[EventDate "2000.??.??"]

1. e4 c5 2. Nf3 e6 3. d4 cxd4 4. Nxd4 a6 5. Bd3 Qb6 6. Nb3 Qc7 7. O-O b5 8. Be3
Bb7 9. Qe2 Nf6 10. N1d2 d5 11. f3 Bd6 12. g3 O-O 13. Rae1 dxe4 14. Nxe4 Nxe4
15. Bxe4 Bxe4 16. fxe4 Nd7 17. c3 Ne5 18. Nd4 Nc4 19. Bc1 Rad8 20. Nf3 Rd7 21.
Kg2 Rfd8 22. Rd1 h6 23. Rd3 Ne5 24. Nxe5 Bxe5 25. Rfd1 Qc4 26. b3 Rxd3 27. bxc4
Rxd1 28. Be3 Bxc3 29. Kh3 Re1 30. Qf2 bxc4 1-0

[Event "LYM - Open Maîtres"]
[Site "Lausanne - Casino de Montbenon"]
[Date "2000.??.??"]
[Round "3"]
[White "Crut, Aurélien"]
[Black "Goletto, Céline"]
[Result "1-0"]
[WhiteElo "2251"]
[BlackElo "2006"]
[PlyCount "65"]
[EventDate "2000.??.??"]

1. e4 c5 2. Nf3 Nc6 3. c3 e5 4. Bc4 Be7 5. O-O Nf6 6. d3 O-O 7. Re1 d6 8. Bb3
Qc7 9. Nbd2 Be6 10. Nc4 Bxc4 11. Bxc4 Rad8 12. Qe2 Na5 13. Bb5 a6 14. Ba4 b5
15. Bc2 Rfe8 16. Nh4 Nc6 17. Nf5 Bf8 18. Bg5 Ne7 19. Bxf6 gxf6 20. Qg4+ Kh8 21.
Re3 Nxf5 22. Qxf5 Bg7 23. Rh3 h6 24. Re1 Qd7 25. Qh5 Kh7 26. Bb3 Re7 27. Ree3
Rh8 28. Reg3 c4 29. Bd1 Kg8 30. Bg4 Qc6 31. Bf5 Kf8 32. Qg4 Rg8 33. Rxh6 1-0

[Event "LYM - Open Maîtres"]
[Site "Lausanne - Casino de Montbenon"]
[Date "2000.??.??"]
[Round "3"]
[White "Jacot, Laurent"]
[Black "Meylan, Pierre"]
[Result "1/2-1/2"]
[WhiteElo "2241"]
[BlackElo "2095"]
[PlyCount "33"]
[EventDate "2000.??.??"]

1. e4 c6 2. d4 d5 3. e5 Bf5 4. Nf3 e6 5. Be2 c5 6. O-O Nc6 7. c3 Qb6 8. dxc5
Bxc5 9. b4 Be7 10. Qa4 f6 11. Be3 Qc7 12. exf6 Bxf6 13. Nd4 Nge7 14. b5 Nxd4
15. cxd4 O-O 16. Rc1 Qd6 17. Nd2 1/2-1/2

[Event "LYM - Open Maîtres"]
[Site "Lausanne - Casino de Montbenon"]
[Date "2000.??.??"]
[Round "3"]
[White "Tournier, Pascal"]
[Black "Kappler, Jean-Marie"
[Result "0-1"]
[WhiteElo "2230"]
[BlackElo "2248"]
[PlyCount "48"]
[EventDate "2000.??.??"]

1. e4 d6 2. d4 Nf6 3. Nc3 c6 4. a4 Nbd7 5. g3 e5 6. Nge2 h5 7. Bg5 Qa5 8. Qd2
Be7 9. Bg2 Nf8 10. O-O Ne6 11. Bxf6 Bxf6 12. dxe5 dxe5 13. Rfd1 Qc5 14. Qd6
Qxd6 15. Rxd6 h4 16. f4 hxg3 17. hxg3 Be7 18. Rd2 Bc5+ 19. Kf1 exf4 20. gxf4
Be3 21. Rd6 Nxf4 22. a5 Rh2 23. Nxf4 Bxf4 24. Rd3 Be5 0-1

[Event "LYM - Open Maîtres"]
[Site "Lausanne - Casino de Montbenon"]
[Date "2000.??.??"]
[Round "3"]
[White "Parnet, Arnaud"]
[Black "Midoux, Sebastian"]
[Result "0-1"]
[WhiteElo "2030"]
[BlackElo "2241"]
[PlyCount "82"]
[EventDate "2000.??.??"]

1. c4 e5 2. Nc3 Nc6 3. Nf3 g6 4. g3 Bg7 5. Bg2 Nf6 6. d3 O-O 7. O-O d6 8. Bg5
h6 9. Bd2 Re8 10. e4 Bg4 11. h3 Be6 12. Ne1 Qd7 13. Kh2 Kh7 14. Ne2 Ng8 15. Rb1
a5 16. f4 f5 17. exf5 gxf5 18. Bc3 Rf8 19. b3 Nf6 20. d4 exd4 21. Nxd4 Ne4 22.
Bb2 Rae8 23. Nef3 Rg8 24. g4 fxg4 25. Ng5+ Nxg5 26. fxg5 Be5+ 27. Kh1 Rxg5 28.
Nxe6 Rxe6 29. Bd5 g3 30. Kg2 Re7 31. Qd3+ Kg7 32. Rbe1 Bxb2 33. Rxe7+ Qxe7 34.
Rf7+ Qxf7 35. Bxf7 Kxf7 36. h4 Rg7 37. Qd2 Be5 38. Qxh6 Nd4 39. h5 Ne6 40. Qe3
Nf4+ 41. Kg1 Bd4 0-1

[Event "LYM - Open Maîtres"]
[Site "Lausanne - Casino de Montbenon"]
[Date "2000.??.??"]
[Round "3"]
[White "Perruchoud, Benoît"]
[Black "Prouteau, Thomas"]
[Result "1-0"]
[WhiteElo "2228"]
[BlackElo "2000"]
[PlyCount "71"]
[EventDate "2000.??.??"]

1. e4 c6 2. d4 d5 3. exd5 cxd5 4. c4 Nf6 5. Nc3 Nc6 6. Nf3 Bg4 7. cxd5 Nxd5 8.
Qb3 Bxf3 9. gxf3 e6 10. Qxb7 Nxd4 11. Bb5+ Nxb5 12. Qc6+ Ke7 13. Qxb5 Qd7 14.
Nxd5+ Qxd5 15. Qxd5 exd5 16. Be3 Ke6 17. Ke2 Bb4 18. Kd3 Rhc8 19. Rhc1 a6 20.
h3 g6 21. a3 Ba5 22. b4 Bd8 23. Rab1 Be7 24. Bc5 Bxc5 25. Rxc5 Rxc5 26. bxc5
Rc8 27. Kd4 Rc6 28. a4 a5 29. Rb3 g5 30. Rb1 h5 31. Rg1 f6 32. Re1+ Kf5 33.
Kxd5 Rc8 34. c6 Rd8+ 35. Kc5 Rd2 36. Rc1 1-0

[Event "LYM - Open Maîtres"]
[Site "Lausanne - Casino de Montbenon"]
[Date "2000.??.??"]
[Round "3"]
[White "Phillipoz, David"]
[Black "Roland, Loetcher"]
[Result "0-1"]
[WhiteElo "2033"]
[BlackElo "2218"]
[PlyCount "168"]
[EventDate "2000.??.??"]

1. e4 c5 2. Nc3 Nc6 3. g3 g6 4. Bg2 Bg7 5. f4 d6 6. Nf3 e6 7. O-O Nge7 8. d3
O-O 9. Be3 Nd4 10. Bf2 Nec6 11. a3 Rb8 12. Rb1 b5 13. Nxd4 Nxd4 14. Ne2 a5 15.
c3 Nxe2+ 16. Qxe2 b4 17. d4 cxd4 18. cxd4 d5 19. e5 Qb6 20. Qe3 Ba6 21. Rfc1
Rfc8 22. Rxc8+ Rxc8 23. Rc1 Rxc1+ 24. Qxc1 bxa3 25. bxa3 Bc4 26. Be3 Qb3 27.
Bd2 Bf8 28. Bxa5 Bxa3 29. Qd2 Bb2 30. h3 Bd3 31. Bb6 Qxb6 32. Qxd3 Bxd4+ 33.
Kh2 Bg1+ 34. Kh1 Kg7 35. Qf1 Bf2 36. Qd3 Qb2 37. h4 Qc1+ 38. Kh2 Qe1 39. Kh3 h6
40. Kh2 Bc5 41. Kh3 Be7 42. Qf3 Kf8 43. Qd3 Kg7 44. Qf3 Bb4 45. h5 Be7 46. hxg6
fxg6 47. Qf1 Qd2 48. Qf3 Qd4 49. Bf1 Bb4 50. Qd3 Qg1 51. Bg2 h5 52. Qb5 Be7 53.
Qd3 Qe1 54. Qf1 Qb4 55. Qf3 Bc5 56. Qe2 Qb6 57. Qc2 Bf2 58. Qe2 Kf7 59. Qf3 Ke7
60. Qa3+ Bc5 61. Qd3 Kf7 62. Qc2 Qb5 63. Qd1 Bf2 64. Qc2 Qb6 65. Qe2 Kg7 66.
Qf3 Qd4 67. Bf1 Be3 68. Bg2 Qd3 69. Bf1 Qf5+ 70. Kg2 d4 71. Qb7+ Kh6 72. Qc8
Bxf4 73. gxf4 Qg4+ 74. Kh1 Qxf4 75. Qh8+ Kg5 76. Kg1 Qe3+ 77. Kg2 Qe4+ 78. Kg1
Kg4 79. Qf6 Qe3+ 80. Kh1 Qe4+ 81. Kg1 Qf5 82. Be2+ Kg3 83. Bf1 h4 84. Bh3 Kxh3
0-1

[Event "LYM - Open Maîtres"]
[Site "Lausanne - Casino de Montbenon"]
[Date "2000.??.??"]
[Round "3"]
[White "Cornette, Matthieu"]
[Black "De Adres, Jesus"]
[Result "1-0"]
[WhiteElo "2119"]
[BlackElo "2068"]
[PlyCount "45"]
[EventDate "2000.??.??"]

1. e4 e5 2. Nf3 Nc6 3. Bc4 Nf6 4. d4 Nxe4 5. d5 Na5 6. Bd3 Nc5 7. Be2 Na4 8. b3
e4 9. Nd4 Nb6 10. c4 Qf6 11. O-O c5 12. Nc2 d6 13. Bd2 Qg6 14. Bh5 Qf5 15. Bxa5
g6 16. Be2 Bg7 17. Bc3 Bxc3 18. Nxc3 Qe5 19. Qd2 h6 20. f3 f5 21. fxe4 fxe4 22.
Nb5 Kd8 23. Qf4 1-0

[Event "LYM - Open Maîtres"]
[Site "Lausanne - Casino de Montbenon"]
[Date "2000.??.??"]
[Round "3"]
[White "Gendre, Stefan"]
[Black "Kruck, Daniel"]
[Result "0-1"]
[WhiteElo "2086"]
[BlackElo "2180"]
[PlyCount "42"]
[EventDate "2000.??.??"]

1. d4 Nf6 2. c4 c5 3. e3 e6 4. Nc3 Be7 5. Nf3 O-O 6. Be2 b6 7. O-O Bb7 8. b3
Re8 9. Bb2 d6 10. Qc2 Nbd7 11. Rad1 a6 12. Rd2 Bf8 13. Rfd1 Qc7 14. a3 Rac8 15.
b4 Qb8 16. Qb3 cxb4 17. axb4 d5 18. c5 a5 19. bxa5 bxc5 20. a6 Bc6 21. Nb5 c4
0-1

[Event "LYM - Open Maîtres"]
[Site "Lausanne - Casino de Montbenon"]
[Date "2000.??.??"]
[Round "4"]
[White "Prié, Eric"
[Black "Volokitin, Andrei"
[Result "1-0"]
[WhiteElo "2501"]
[BlackElo "2347"]
[PlyCount "60"]
[EventDate "2000.??.??"]

1. Nf3 Nf6 2. c4 g6 3. g3 Bg7 4. Bg2 O-O 5. O-O d6 6. d4 Nbd7 7. Nc3 e5 8. e4
a6 9. Re1 exd4 10. Nxd4 Ne5 11. b3 c5 12. Nc2 Ne8 13. Bd2 b5 14. cxb5 axb5 15.
Nxb5 Nd3 16. Re3 Bxa1 17. Qxa1 Ba6 18. Rxd3 Bxb5 19. Rc3 Ng7 20. Rf3 Ra7 21.
Bc3 f5 22. Ne3 Bc6 23. exf5 Qa8 24. Qd1 Nxf5 25. Rxf5 Rxf5 26. Bh3 d5 27. Nxf5
gxf5 28. Bxf5 d4 29. Qg4+ Kf8 30. Bd2 Rxa2 1-0

[Event "LYM - Open Maîtres"]
[Site "Lausanne - Casino de Montbenon"]
[Date "2000.??.??"]
[Round "4"]
[White "Tukmakov, Vladimir"
[Black "Hebden, Mark"
[Result "1/2-1/2"]
[WhiteElo "2575"]
[BlackElo "2493"]
[PlyCount "64"]
[EventDate "2000.??.??"]

1. Nf3 Nf6 2. c4 g6 3. Nc3 Bg7 4. e4 d6 5. d4 O-O 6. Be2 e5 7. O-O Nc6 8. d5
Ne7 9. b4 Kh8 10. c5 Neg8 11. Nd2 Ne8 12. a4 f5 13. Ba3 fxe4 14. Ndxe4 Ngf6 15.
b5 dxc5 16. Bxc5 Nd6 17. Bf3 Bf5 18. Re1 b6 19. Bb4 Nfxe4 20. Nxe4 Rf7 21. Rc1
Nxe4 22. Bxe4 Bxe4 23. Rxe4 Rd7 24. Qc2 a6 25. bxa6 Rxd5 26. Qxc7 Rxa6 27.
Qxd8+ Rxd8 28. Be1 Kg8 29. Rc6 Rda8 30. Rcc4 b5 31. axb5 Rb6 32. Rc5 Rab8
1/2-1/2

[Event "LYM - Open Maîtres"]
[Site "Lausanne - Casino de Montbenon"]
[Date "2000.??.??"]
[Round "4"]
[White "Moiseenko, Alexander"
[Black "Prusikin, Mihailo"
[Result "1-0"]
[WhiteElo "2572"]
[BlackElo "2429"]
[PlyCount "75"]
[EventDate "2000.??.??"]

1. d4 Nf6 2. c4 Nc6 3. Nf3 e6 4. a3 g6 5. Nc3 Bg7 6. e4 d6 7. h3 O-O 8. Be3 Re8
9. Bd3 Nd7 10. Be2 f5 11. d5 Nce5 12. dxe6 Nxf3+ 13. Bxf3 Ne5 14. exf5 gxf5 15.
O-O c6 16. Bh5 Ng6 17. Bd4 Bxe6 18. Re1 Qh4 19. Bxg7 Kxg7 20. Bxg6 hxg6 21.
Qxd6 Qxc4 22. Qc7+ Kh6 23. Rad1 b5 24. Re3 Bd5 25. Rde1 Rxe3 26. Rxe3 a6 27.
Re7 Rh8 28. Qe5 Rh7 29. Re8 b4 30. axb4 Qxb4 31. Qe3+ f4 32. Qe5 Bf7 33. Rb8
Qc4 34. Ne4 Qc1+ 35. Kh2 f3 36. Nf6 Be6 37. Nxh7 fxg2 38. Qe3+ 1-0

[Event "LYM - Open Maîtres"]
[Site "Lausanne - Casino de Montbenon"]
[Date "2000.??.??"]
[Round "4"]
[White "Bunzmann, Dimitri"
[Black "Palac, Mladen"
[Result "1/2-1/2"]
[WhiteElo "2502"]
[BlackElo "2571"]
[PlyCount "42"]
[EventDate "2000.??.??"]

1. d4 Nf6 2. c4 e6 3. Nf3 b6 4. g3 Ba6 5. b3 d5 6. Bg2 Bb4+ 7. Bd2 Be7 8. cxd5
exd5 9. Nc3 O-O 10. O-O Bb7 11. Ne5 c5 12. Bf4 Na6 13. Rc1 Nc7 14. dxc5 bxc5
15. Na4 Ne6 16. Nd3 Rc8 17. Be3 Qa5 18. Naxc5 Bxc5 19. Bxc5 Rxc5 20. Rxc5 Nxc5
21. b4 Qxa2 1/2-1/2

[Event "LYM - Open Maîtres"]
[Site "Lausanne - Casino de Montbenon"]
[Date "2000.??.??"]
[Round "4"]
[White "Sokolov, Andrei"
[Black "Yu, Mingyan"]
[Result "1-0"]
[WhiteElo "2565"]
[BlackElo "2419"]
[PlyCount "45"]
[EventDate "2000.??.??"]

1. e4 e6 2. d4 d5 3. Nc3 Bb4 4. Nge2 Nf6 5. e5 Ne4 6. a3 Nxc3 7. Nxc3 Bxc3+ 8.
bxc3 O-O 9. Bd3 f5 10. exf6 Qxf6 11. O-O c5 12. dxc5 Nc6 13. Rb1 e5 14. Qh5 g6
15. Qg5 Qf7 16. f4 e4 17. Be2 d4 18. Bb2 dxc3 19. Bxc3 Be6 20. f5 Bxf5 21. Rxb7
Qxb7 22. Bc4+ Rf7 23. Qh6 1-0

[Event "LYM - Open Maîtres"]
[Site "Lausanne - Casino de Montbenon"]
[Date "2000.??.??"]
[Round "4"]
[White "Kveinys, Aloyzas"
[Black "Crut, Aurélien"]
[Result "1-0"]
[WhiteElo "2496"]
[BlackElo "2251"]
[PlyCount "81"]
[EventDate "2000.??.??"]

1. e4 e6 2. d3 d5 3. Nd2 c5 4. Ngf3 Nc6 5. g3 g6 6. Bg2 Bg7 7. O-O Nge7 8. Re1
b6 9. exd5 exd5 10. d4 O-O 11. dxc5 bxc5 12. Nb3 Qb6 13. Be3 d4 14. Bf4 Rd8 15.
Ne5 Ba6 16. Nd2 Nd5 17. Ndc4 Bxc4 18. Nxc4 Qa6 19. Bxd5 Rxd5 20. Qf3 Rad8 21.
Nd2 h5 22. h4 Nb4 23. Rac1 Qf6 24. a3 Nc6 25. Qd3 Qf5 26. Nc4 Qxd3 27. cxd3 Bf6
28. Rc2 Be7 29. Kg2 R8d7 30. Nd2 Rb7 31. b4 f6 32. Ne4 g5 33. hxg5 fxg5 34. Bd2
Ne5 35. Nxc5 Bxc5 36. Rxc5 Rxc5 37. bxc5 Nxd3 38. Re4 Nxc5 39. Rxd4 g4 40. Be3
Kf7 41. Rf4+ 1-0

[Event "LYM - Open Maîtres"]
[Site "Lausanne - Casino de Montbenon"]
[Date "2000.??.??"]
[Round "4"]
[White "Preissmann, Emmanuel"
[Black "Bjanarson, Oscar"]
[Result "1-0"]
[WhiteElo "2368"]
[BlackElo "2218"]
[PlyCount "69"]
[EventDate "2000.??.??"]

1. e4 c5 2. Nf3 Nc6 3. c3 e6 4. d4 d5 5. exd5 Qxd5 6. Na3 Qd8 7. Nc4 Nf6 8. Be3
cxd4 9. Nxd4 Nxd4 10. Bxd4 Be7 11. Bd3 O-O 12. Qf3 Qd5 13. Qg3 Qh5 14. h3 Rd8
15. O-O Rd5 16. Rae1 b5 17. Ne5 Bb7 18. Be2 Qf5 19. Bf3 Rad8 20. Bxd5 Bxd5 21.
Ng4 Nxg4 22. hxg4 Qc2 23. Qc7 Bg5 24. Re5 Bf6 25. g5 Qg6 26. Rxd5 Rxd5 27. gxf6
gxf6 28. Qxa7 Rg5 29. Qa8+ Kg7 30. b4 h5 31. Re1 h4 32. Qe4 Qh5 33. Kh2 Rg4 34.
Qf3 e5 35. Re4 1-0

[Event "LYM - Open Maîtres"]
[Site "Lausanne - Casino de Montbenon"]
[Date "2000.??.??"]
[Round "4"]
[White "D'Costa, Lorin"]
[Black "Turner, Matthew"
[Result "1/2-1/2"]
[WhiteElo "2083"]
[BlackElo "2486"]
[PlyCount "49"]
[EventDate "2000.??.??"]

1. d4 d5 2. c4 dxc4 3. Nf3 Nf6 4. e3 e6 5. Bxc4 c5 6. O-O a6 7. Qe2 b5 8. Bb3
Bb7 9. Rd1 Nbd7 10. a4 Rb8 11. axb5 axb5 12. Bc2 Qb6 13. h3 cxd4 14. Nxd4 b4
15. Nd2 Be7 16. Nc4 Qc5 17. Ra5 Qc8 18. Nb5 O-O 19. Nbd6 Qc6 20. Nxb7 Rxb7 21.
b3 Nb6 22. Ra6 Qb5 23. Ra5 Qc6 24. Ra6 Qb5 25. Ra5 1/2-1/2

[Event "LYM - Open Maîtres"]
[Site "Lausanne - Casino de Montbenon"]
[Date "2000.??.??"]
[Round "4"]
[White "Etchegaray, Patrice"
[Black "Ferrari, Nicola"]
[Result "1-0"]
[WhiteElo "2360"]
[BlackElo "2093"]
[PlyCount "51"]
[EventDate "2000.??.??"]

1. e4 c6 2. d4 d5 3. Nd2 dxe4 4. Nxe4 Nf6 5. Qd3 Nxe4 6. Qxe4 Qd5 7. Qf4 Bf5 8.
c3 Qe4+ 9. Be2 Qxf4 10. Bxf4 Nd7 11. Nf3 e6 12. Nh4 Bg6 13. O-O Nf6 14. Nxg6
hxg6 15. c4 Rd8 16. Be3 Bd6 17. g3 Bc7 18. Rfd1 Ke7 19. b4 Rd7 20. a4 Rhd8 21.
a5 e5 22. dxe5 Bxe5 23. Bc5+ Bd6 24. Rxd6 Rxd6 25. Bf3 Nd7 26. Re1+ 1-0

[Event "LYM - Open Maîtres"]
[Site "Lausanne - Casino de Montbenon"]
[Date "2000.??.??"]
[Round "4"]
[White "Wegmueller, Andreas"]
[Black "Revuckij, Vladimir"]
[Result "1-0"]
[WhiteElo "2119"]
[BlackElo "2223"]
[PlyCount "95"]
[EventDate "2000.??.??"]

1. d4 Nf6 2. c4 g6 3. Nc3 d5 4. cxd5 Nxd5 5. e4 Nxc3 6. bxc3 Bg7 7. Nf3 c5 8.
Rb1 Nc6 9. d5 Ne5 10. Nxe5 Bxe5 11. Qd2 O-O 12. f4 Bc7 13. Bc4 e6 14. O-O exd5
15. Bxd5 Ba5 16. Bb2 Be6 17. f5 gxf5 18. Qh6 Bxd5 19. c4 f6 20. exd5 Rf7 21.
Rxf5 Qf8 22. Qh4 Bd8 23. Rbf1 Qg7 24. R1f3 Kh8 25. Rxf6 Rxf6 26. Bxf6 Bxf6 27.
Qxf6 Re8 28. Kf2 Qxf6 29. Rxf6 Re4 30. Rf7 Kg8 31. Rxb7 Rxc4 32. d6 Rd4 33. d7
Kf8 34. Rxa7 Ke7 35. Ke3 h6 36. a4 Rb4 37. a5 Rb2 38. a6 Ra2 39. Kd3 Ra4 40. g4
Kd8 41. h4 Ke7 42. g5 hxg5 43. hxg5 Rd4+ 44. Kc3 Rd6 45. Kc4 Rg6 46. Kxc5 Rxg5+
47. Kc6 Ra5 48. Ra8 1-0

[Event "LYM - Open Maîtres"]
[Site "Lausanne - Casino de Montbenon"]
[Date "2000.??.??"]
[Round "4"]
[White "Naidji, Tayeb"]
[Black "Kradolfer, Georg"]
[Result "0-1"]
[WhiteElo "2090"]
[BlackElo "2174"]
[PlyCount "88"]
[EventDate "2000.??.??"]

1. c4 e5 2. Nc3 Nf6 3. g3 Nc6 4. Bg2 g6 5. d3 Bg7 6. e4 d6 7. Nge2 O-O 8. O-O
Nh5 9. Be3 h6 10. f4 exf4 11. gxf4 f5 12. Ng3 Nxg3 13. hxg3 Kh7 14. Qd2 Be6 15.
Rfe1 Qd7 16. Rab1 Rad8 17. b4 fxe4 18. Bxe4 Nd4 19. Ne2 Nf5 20. Bf2 d5 21. cxd5
Bxd5 22. Qc2 c6 23. a4 Qf7 24. g4 Nd6 25. Bc5 Ba2 26. f5 Bxb1 27. Qxb1 gxf5 28.
Rf1 Qg6 29. Bg2 Qxg4 30. Nf4 Rg8 31. Qc2 Be5 32. Be3 Nf7 33. d4 Bxd4 34. Bxd4
Rxd4 35. Ne6 Re4 36. Nc5 Re2 37. Qxf5+ Qxf5 38. Rxf5 Rgxg2+ 39. Kf1 Kg6 40. Rf4
Ra2 41. Nd3 Rgd2 42. Ne1 Rxa4 43. Re4 Ng5 44. Re7 Rxb4 0-1